Meilleurs joueurs formés à l'OL encore en activité - Statistiques

Statistiques générales
  • Ce quiz a été pris 78 fois
  • Le résultat moyen est 10 sur 27
Statistiques - réponses
Années de Naissance Joueurs % Correct
1987 Benzema
90%
2003 Cherki
85%
1991 Lacazette
85%
1994 Tolisso
81%
1993 Fekir
72%
2002 Barcola
57%
1990 Lopes
55%
2000 Caqueret
51%
1998 Aouar
40%
1993 Umtiti
40%
2003 Gusto
36%
2000 Gouiri
34%
1991 Grenier
33%
2002 Lukeba
33%
1995 Martial
30%
1992 Ferri
21%
2000 Bard
19%
1992 Ghezzal
19%
2000 Mikautadze
18%
2005 Sarr
18%
2001 Geubbels
13%
1996 Perrin
10%
1996 Diakhaby
9%
2000 Kalulu
9%
1996 Del Castillo
7%
1993 Njie
7%
1993 Pléa
6%
Aucun quiz correspondant
Distribution des résultats
% des personnes avec chaque résultat
Percentile par nombre de réponses
Votre historique - résultats
Vous n’avez pas pris ce quiz